000 00931nam a22002177a 4500
003 OSt
005 20260122200209.0
008 230521b ||||| |||| 00| 0 eng d
040 _aSSBUL
_cSSBUL
041 _ashan
082 _a491.371
245 _aဢၽိထၢၼ်ႇဢလင်ႇၵႃႇသၢၼ်းပႃႇလိၽႄတႆး။
_cၸဝ်ႈသြႃႇၵႃႇဝိၼ်ႇတ ပိၼ်ႇတႅမ်ႈ-
260 _aဝဵင်းလိူဝ်ႇ
_bမူဝ်တႆးလၢတ်ႉၶၢႆပပ်ႉတႆး
_c2006
300 _a611 ၼႃႈ
_c22 ၸိၼ်ႇထီႇ
500 _aS-SAT: Dr. Prof Sai Aung Tun
500 _aပပ်ႉၸဝ်ႈတႃႇၼႁင်းၶေႃ တွၵ်ႉတိူဝ်ႇၸၢႆးဢွင်ႇထုၼ်း
650 _aပႃႇလိ-လၢႆးတႅမ်ႈ
_924197
942 _cBK1
942 _2ddc
942 _2ddc
999 _c24621
_d24621